| 000 | 00642nam a2200253 a 4500 | ||
|---|---|---|---|
| 999 |
_c8319 _d8319 |
||
| 001 | 8319 | ||
| 003 | BD-JhCC | ||
| 005 | 20211111134021.0 | ||
| 008 | 180222s19602005xxua|||| || | 001 0 eng d | ||
| 035 | _a(BD-JhCC)8319 | ||
| 040 |
_aBD-JhCC _dBD-JhCC |
||
| 041 | _aeng | ||
| 082 |
_a530 _bHAI 2005 |
||
| 100 | _aHaillliday, David | ||
| 245 |
_aPhysics / _cDavid Haillliday and Robert Resnick |
||
| 250 | _a5th ed. | ||
| 260 |
_aToronto : _bJohn Willey &, Inc. _c2005. |
||
| 300 |
_a1198 p. : _bill. ; _c23 cm. |
||
| 504 | _aIncludes Index | ||
| 650 | _aPhysics | ||
| 700 | _aKenneth S. Krane | ||
| 942 |
_2ddc _cBK _03 |
||